Jésuites de la Russie-Blanche, Les / [por] Stanislas Zalenski

Bewaard in:
Bibliografische gegevens
Hoofdauteur: Zalenski, Stanislas, S.J (autor)
Formaat: Boek
Onderwerpen:
Tags: Voeg label toe
Geen labels, Wees de eerste die dit record labelt!

MARC

LEADER 00000nam^a2200000^u^4500
001 000544379
005 20250521000000.0
008 060220s1000^^^^^^^^^^^^r^^^^^000^0^spa^d
009 20260310131326.889
035 |a FMI 000013545 
037 |a Acervo Xavier Clavigero 
096 |a 3.3/61-2/C 
100 |a Zalenski, Stanislas, S.J.  |e (autor) 
245 1 0 |a Jésuites de la Russie-Blanche, Les / [por] Stanislas Zalenski 
264 |a Paris : Letousey et Ané, 1886 
300 |a 2 v. 
336 |a texto  |b txt  |2 rdacontenido 
337 |a sin mediación  |b n  |2 rdamedio 
338 |a volumen  |b nc  |2 rdasoporte 
597 |a t. I. y t. II. 
649 |a XX 
650 |a HISTORIA DE LA SJ 
910 |a Fondo Francisco Migoya Covarrubias S.J. 
920 |a Impresos - Libros 
930 |a Fondos Especiales 
905 |a 134 
901 |a SBC08497  |b IT2  |c ESP  |u 20250521 
901 |a SBC08498  |b IT2  |c ESP  |u 20250521 
902 |a https://opac.biblio.iteso.mx/vufind/Record/000544379